00216nam a2200097Ia 4500008004100000082000800041100001800049245003000067942000600097999001500103240331s9999 xx 000 0 und d bGOL aGoldman, Emma 2aA woman without a country cL c2429d2429